| 000 | 00654nam a2200229Ia 4500 | ||
|---|---|---|---|
| 001 | 4877 | ||
| 003 | GE_BSU | ||
| 008 | 181216s||||||||xx |||||||||||||| ||und|| | ||
| 040 | _cGE_BSU | ||
| 080 | _a514.112(075.32)+514.13(075.32) | ||
| 100 | _aАндреев, П.П; шувалова,Э.З. | ||
| 245 | _aГеометрия | ||
| 245 | _bУчебник для сред. спец. учебн. заведений | ||
| 245 | _cПод. ред. Э.З. Шуваловой. | ||
| 250 | _aИзд-3-ое | ||
| 260 | _aМосква | ||
| 260 | _bНаука | ||
| 260 | _c1964 | ||
| 300 | _a205 с. 20 см. | ||
| 653 | _aГеометрия | ||
| 942 | _cBK | ||
| 999 |
_c38654 _d38654 |
||